000 00681nam a2200289Ia 4500
005 20260324124047.0
008 008 260324s9999 xx 000 0 eng d
020 _a9781351193313
037 _aEBOOK
040 _aCRL
040 _beng
040 _cCRL
041 _2eng
041 _aeng
084 _qCRL
100 _aJohn Walker
_91172692
245 4 _aThe Truth of Realism
245 2 _bA Reassessment of the German Novel 1830-1900
260 _bTaylor and Francis
260 _c2011
365 _a
365 _b145
856 _uhttp://www.taylorfrancis.com/books/9781351193313
942 _cEBOOK
999 _c1766766
_d1766766